000 01073nam0a2200337 i 4500
001 RU\NLR\BIBL_A\010854659
005 20260406120454.0
010 _a9785699428014
_92000
021 _aRU
_b2015-64985
_93879
035 _a(NILC)RuMoRGB-004741925
035 _a(NLR Aleph) 010854659
090 _a10390643
_c10390643
100 _a20151002d2015 m y0rusy50 ca
101 0 _arus
102 _aRU
105 _ac z 000gy
200 1 _aЯ вас любил …
_eстихотворения
_fАлександр Пушкин
210 _aМосква
_cЭксмо
_d2015
215 _a637, [1] с.
_cпортр.
_d21
225 1 _aРусская классика
333 _a16+
675 _a821.161.1-1
686 2 _aШ6(2=Р)51-5
700 1 _8rus
_7ca
_aПушкин
_bА. С.
_cпоэт
_f1799-1837
_gАлександр Сергеевич
_3RU\NLR\AUTH\77386
_9110441
801 0 _aRU
_bRuMoRKP
_c20100712
_gRCR
801 2 _aRU
_bРГБ
_c20150827
_grcr
942 _cBOOK
980 _aNBR